书目信息 |
| 题名: |
林肯时代
|
|
| 作者: | 路德维希 著 ;杨亮明 译 | |
| 分册: | ||
| 出版信息: | 北京 东方出版社 2006.08 |
|
| 页数: | 482页, [12] 页图版 | |
| 开本: | 24cm | |
| 丛书名: | 名人与时代 | |
| 单 册: | ||
| 中图分类: | K837.127=41 | |
| 科图分类: | ||
| 主题词: | 总统--zong tong--传记--美国--近代 | |
| 电子资源: | ||
| ISBN: | 7-5060-2576-0 | |
| 000 | 01197nam 2200289 450 | |
| 001 | 012008200170 | |
| 005 | 20080616173213.75 | |
| 010 | @a7-5060-2576-0@dCNY68.00 | |
| 100 | @a20080613d2006 em y0chiy0120 ea | |
| 101 | 1 | @achi@cger |
| 102 | @aCN@b110000 | |
| 105 | @aabcfz 000yb | |
| 106 | @ar | |
| 200 | 1 | @a林肯时代@Alin ken shi dai@e名人与时代@f(德) 埃米尔·路德维希著@F(de)ai mi er·lu de wei xi zhu@g杨亮明译@Gyang liang ming yi |
| 210 | @a北京@c东方出版社@d2006.08 | |
| 215 | @a482页, [12] 页图版@c图 (部分彩图), 地图, 肖像@d24cm | |
| 225 | 2 | @a名人与时代@Aming ren yu shi dai |
| 330 | @a本书源于“新传记派”作家埃米尔·路德维奇之名作《林肯传》。书中描述了林肯从“一无所有”之家庭背景、从“备受歧视”之草根阶层、从“屡战屡败”之政治生涯出发,开辟了一个“林肯时代”。 | |
| 410 | 0 | @12001 @a名人与时代 |
| 517 | 1 | @a名人与时代@Aming ren yu shi dai |
| 600 | 1 | @a林肯@Alin ken@c(Lincoln, Abraham),@f1809-1865@x传记 |
| 606 | 0 | @a总统@Azong tong@x传记@y美国@z近代 |
| 690 | @aK837.127=41@v4 | |
| 701 | 1 | @a路德维希@Alu de wei xi@g(Ludwig, Emil),@f1881-1948@4著 |
| 702 | 0 | @a杨亮明@Ayang liang ming@4译 |
| 801 | 0 | @aCN@bQSSK@c20080616 |
| 905 | @b726869-71@dK837.127=41@eL505@f3 | |
| 林肯时代:名人与时代/(德) 埃米尔·路德维希著/杨亮明译.-北京:东方出版社,2006.08 |
| 482页, [12] 页图版:图 (部分彩图), 地图, 肖像;24cm.-(名人与时代) |
| ISBN 7-5060-2576-0:CNY68.00 |
| 本书源于“新传记派”作家埃米尔·路德维奇之名作《林肯传》。书中描述了林肯从“一无所有”之家庭背景、从“备受歧视”之草根阶层、从“屡战屡败”之政治生涯出发,开辟了一个“林肯时代”。 |
| ● |
| 相关链接 |
|
|
|
正题名:林肯时代
索取号:K837.127=41/L505
 
预约/预借
| 序号 | 登录号 | 条形码 | 馆藏地/架位号 | 状态 | 备注 |
| 1 | 726869 | 207268696 | 社科库309/309社科库 6排2列4层/ [索取号:K837.127=41/L505] | 在馆 | |
| 2 | 726870 | 207268703 | 社科库309/309社科库 6排2列4层/ [索取号:K837.127=41/L505] | 在馆 | |
| 3 | 726871 | 207268712 | 社科库309/309社科库 6排2列4层/ [索取号:K837.127=41/L505] | 在馆 |